00586 2200217 4500001002100000005001700021008004100038035002400079082001000103090001700113100002100130245006600151260003000217300002200247500003100269650001900300850001500319980001300334985000600347999001500353YOGYA-0209000002743920090227024137.0 ind  0010-020900000027439 a297.3 a297.3bZai M aZAINI, Syahminan aMengapa manusia harus beribadahcdisusun oleh Syahminan Zaini aSurabayabAl-Ikhlasc1981 ax, 285 hlmc21 cm aBibliografi : hlm. 284-285 aIbadah (Islam) aYOPDYOG(B) a30-03-07 a1 a06A0016931